000
00302nam a2200109Ia 4500
008
220204s9999 xx 000 0 und d
082
_a
031
_b
BOO
100
_a
BOOK, Stephen A
245
0
_a
Statistics: Basic techniques for solving applied problems
260
_a
New York
_b
McGraw Hill
_c
1977
942
_c
BK
999
_c
25582
_d
25582